000 00620nam a2200193 a 4500
005 20140310183352.0
008 120918s19uu xx 00 eng d
020 _a9781849051712
050 _aRJ 496.A63
_b.P53 2011
100 _aPlatt, Geoff
245 _aBeating dyspraxia with a hop, skip and a jump :
_ba simple exercise program for home and school /
_cGeoff Platt.
260 _aUK :
_bJessica Kingsley Publishers,
_c2011.
300 _a144 p. :
_bill. ;
_c23 cm.
521 _aPSYCH
650 _aAprexia
_xexercise theraphy
650 _aMotor ability in children
942 _cBK
_2lcc
_kFOR
999 _c22133
_d22133